Rozpočtové hospodárenie hlavného mesta SR Bratislavy diplomová práca

Guardado en:
Detalles Bibliográficos
Autor principal: Fľak, Juraj
Autor Corporativo: Národohospodárska fakulta EU. Katedra financií
Otros Autores: Neubauerová, Erika, 1968-
Formato: Libro
Lenguaje:eslovaco
Publicado: Bratislava 2009
Etiquetas: Agregar Etiqueta
Sin Etiquetas, Sea el primero en etiquetar este registro!

MARC

LEADER 00000nam$a2200000$$$4500
001 0096588
005 20240318141511.7
041 0 |a slo 
044 |a SK 
245 1 0 |a Rozpočtové hospodárenie hlavného mesta SR Bratislavy  |b diplomová práca  |c Juraj Fľak ; škol. Erika Neubauerová 
264 1 |a Bratislava  |c 2009 
300 |a 78 s. 
100 1 |a Fľak, Juraj 
700 1 |a Neubauerová, Erika, 1968- 
710 2 |a Národohospodárska fakulta EU. Katedra financií